Najdrożsi piłkarze wszechczasów - Statystyki

Ogólne statystyki
  • Ten quiz został rozwiązany 99 razy
  • Średni wynik to 10 z 19
Statystyki odpowiedzi
Wartość Piłkarz % Poprawnych
200 mln Kylian Mbappe
94%
160 mln Lionel Messi
87%
200 mln Erling Haaland
79%
180 mln Neymar
77%
180 mln Jude Bellingham
76%
180 mln Lamine Yamal
74%
200 mln Junior Vinicius
69%
150 mln Bukayo Saka
53%
130 mln Rodri
50%
140 mln Florian Wirtz
49%
150 mln Phil Foden
47%
140 mln Jamal Musiala
45%
150 mln Harry Kane
42%
150 mln Mohamed Salah
41%
150 mln Sadio Mane
24%
150 mln Eden Hazard
21%
150 mln Antoine Griezmann
12%
150 mln Raheem Sterling
12%
150 mln Philippe Coutinho
10%
Nie znaleziono quizów pasujących do podanych kryteriów
Rozkład punktacji
Procent ludzi z każdym wynikiem
Percentyl według liczby udzielonych odpowiedzi
Twoja historia wyników
Nie rozwiązałeś tego quizu